INLAYS CROWN & BRIDGES (Record no. 2963)

MARC details
000 -LEADER
fixed length control field 00363nam a2200145Ia 4500
008 - FIXED-LENGTH DATA ELEMENTS--GENERAL INFORMATION
fixed length control field 150201s1995 xx 000 0 und d
082 ## - DEWEY DECIMAL CLASSIFICATION NUMBER
Classification number 617.692
Item number C1995K
100 ## - MAIN ENTRY--PERSONAL NAME
Personal name KANTOROWICZ
245 ## - TITLE STATEMENT
Title INLAYS CROWN & BRIDGES
250 ## - EDITION STATEMENT
Edition statement 5TH
260 ## - PUBLICATION, DISTRIBUTION, ETC. (IMPRINT)
Name of publisher, distributor, etc. WARGHESE PUBLICATION
Place of publication, distribution, etc. DADAR(MUMBAI)
Date of publication, distribution, etc. 1995
300 ## - PHYSICAL DESCRIPTION
Extent 1-210
650 ## - SUBJECT ADDED ENTRY--TOPICAL TERM
Topical term or geographic name as entry element PROSTHODONTICS
942 ## - ADDED ENTRY ELEMENTS (KOHA)
Source of classification or shelving scheme Dewey Decimal Classification
Koha item type Books
Koha issues (borrowed), all copies 5
Holdings
Withdrawn status Lost status Source of classification or shelving scheme Damaged status Not for loan Home library Current library Date acquired Source of acquisition Cost, normal purchase price Serial Enumeration / chronology SGTU Bill Number Total Checkouts Full call number Barcode Date last seen Bill Date Koha item type Date last checked out
    Dewey Decimal Classification     SGT Dental Library SGT Dental Library 15/05/2004 U.B.S.DELHI 725.00 1 SGTU 120   617.692 C1995K FD2048 09/02/2015 14/03/2012 Books  
    Dewey Decimal Classification     SGT Dental Library SGT Dental Library 15/05/2004 U.B.S.DELHI 725.00 1 SGTU 120 5 617.692 C1995K FD2049 31/05/2023 14/03/2012 Books 27/05/2023